00968nam a2200253 a 450000100060000000300080000600500170001400800410003103500190007204000310009104100080012208200240013010000430015424500800019726000660027730000570034350000580040065000230045865000270048165100280050894200120053699900170054895201490056549490BD-RjUL20211209054704.0160821s1890 enk 000 0 eng d a(BD-RjUL)49609 aBD-RjULbengcANLdBD-RjUL aeng 223a909.6bMAI 18901 aMahan, A. T.q(Alfred Thayer),914848514aThe influence of sea power upon history 1660-1783 /cby Captain A.T. Mahan. aLondon :bSampson Low, Marston, Searle, & Rivington,c[1890]. axxiv, 557 p. :b4 maps (1 fold.), 21 plans ;c23 cm. aWith inscriptions: W. E. Elliot? H. M. S. Imperieuse. 0aSea-power.9148466 0aNaval history.9148486 0aEuropexHistory9148487 2ddccBK c49490d49490 00102ddc40708NFICaRUCLbRUCLcStackd1968-05-01eZeitlingerg30.00l2o909.6 MAI 1890r2025-09-15 00:00:00s2025-08-28tC-2w2016-08-21yBK